| 000 | 00688nam a2200205 a 4500 | ||
|---|---|---|---|
| 005 | 20240924070018.0 | ||
| 008 | 050203s2001 mx r 000 0 spa d | ||
| 020 | _a0415259762 | ||
| 035 | _aUPN01000137271 | ||
| 049 | _aCG | ||
| 050 | 4 |
_aLB1737 E6 _bL4.2 2001 |
|
| 245 | 0 | 0 |
_aLearning to teach in the secondary school : _ba companion to school experience / _ced. Susan Capel, Marilyn Leask, Tony Turner. |
| 250 | _a3a ed. | ||
| 260 |
_aNew York : _bRoutledge Falmer, _c2001. |
||
| 300 |
_axxii, 465 p. : _bgráfs. |
||
| 650 | 4 |
_aEDUCACION SECUNDARIA - _zESTADOS UNIDOS _914527 |
|
| 650 | 4 |
_aEscuelas _xDirección y organización _9346 |
|
| 700 | 1 |
_aCapel, Susan, _eed. |
|
| 905 | _aLibro | ||
| 999 |
_c109422 _d109422 |
||